| 000 | 00768nam a22002657a 4500 | ||
|---|---|---|---|
| 999 |
_c483 _d483 |
||
| 001 | 003286 | ||
| 003 | CoMeUDC003286 | ||
| 005 | 20181217220824.0 | ||
| 008 | 980506s1983 sp rf 00110 spa d | ||
| 020 | _a8470201247 | ||
| 035 | _aAGF4179 LA | ||
| 040 |
_ala _cCoMeUDC |
||
| 041 | 0 | _aspa | |
| 082 | 0 | 4 |
_a346 _bP695n _220 ed. |
| 100 |
_aPiñero Carrión, José María. _9856 |
||
| 245 | 1 | 0 |
_aNuevo derecho canónico : _bmanual práctico / _cJosé M. Piñero carrión. |
| 250 | _a2a. ed. | ||
| 260 |
_aMadrid : _bSociedad de educación Atenas, _c1983. |
||
| 300 |
_a807 p. ; _c17 cm. |
||
| 500 | _aColección Jorge Ortega Torres. | ||
| 500 | _aIncluye índice. | ||
| 650 | 0 |
_aDerecho canónico. _v Manuales. _9857 |
|
| 942 |
_2ddc _cBK |
||
| 949 |
_an _bn |
||